La liberación de la mujer : dossier /

I tiakina i:
Ngā taipitopito rārangi puna kōrero
Kaituhi matua: Figueiredo, Mariza (selec.)
Hōputu: Pukapuka
Reo:Pāniora
I whakaputaina: México : Editores Asociados, 1974, c1974
Rangatū:(Actualidad Políticosocial)
Ngā Tūtohu: Tāpirihia he Tūtohu
Kāore He Tūtohu, Me noho koe te mea tuatahi ki te tūtohu i tēnei pūkete!

MARC

LEADER 00000nam^a2200000^a^4500
001 000273854
005 20250521000000.0
009 20260310111144.744
037 |a Acervo ITESO - Biblioteca 
041 |a ESP 
082 |a 305. 42  |b FIG 
100 |a Figueiredo, Mariza  |e (selec.) 
245 1 3 |a La liberación de la mujer :  |b dossier /  |c Selec. de M. Figueiredo ; pról. de Grupo de Feministas Latinoamericanas en París ; introd. y tr. por Gastón Pardo Pérez. 
264 4 |a México :  |b Editores Asociados,  |c 1974, c1974 
300 |a 120 p. 
336 |a texto  |b txt  |2 rdacontenido 
337 |a sin mediación  |b n  |2 rdamedio 
338 |a volumen  |b nc  |2 rdasoporte 
440 1 |a (Actualidad Políticosocial) 
649 |a XX 
910 |a Fondo General 
920 |a Impresos - Libros 
930 |a Colección General 
905 |a 101 
901 |a 0500159449  |b IT1  |c ACC  |u 20250521 
902 |a https://opac.biblio.iteso.mx/vufind/Record/000273854